|
|
|
|
| LEADER |
00898nam a2200241 a 4500 |
| 001 |
c000312168 |
| 003 |
CARM |
| 005 |
00000000000000.0 |
| 008 |
s1964 xraa b 000|0 eng d |
| 019 |
1 |
|
|a 4628832
|5 LACONCORD2021
|
| 035 |
|
|
|a (OCoLC)219900392
|5 LACONCORD2021
|
| 082 |
0 |
4 |
|a 622.31
|2 20
|
| 100 |
1 |
|
|a Mansfield, L. L.
|
| 245 |
1 |
0 |
|a Handbook on quarrying /
|c compiled by L.L. Mansfield.
|
| 250 |
|
|
|a 2nd ed.
|
| 260 |
|
|
|a Adelaide :
|b Government Printer,
|c 1964.
|
| 300 |
|
|
|a 185 p. :
|b ill. ;
|c 19 cm.
|
| 504 |
|
|
|a Bibliography: p. 184-185.
|
| 650 |
|
0 |
|a Quarries and quarrying
|x Handbooks, manuals, etc.
|
| 710 |
1 |
|
|a South Australia.
|b Dept. of Mines.
|
| 852 |
8 |
|
|b CARM
|h A3:AB18G0
|i A05454
|p 0470974
|f BK
|
| 999 |
f |
f |
|i 3b3d82a3-f22d-5d24-a897-f9e955a4b580
|s 59371106-f96c-5b60-bbe2-b34300e5d06d
|
| 952 |
f |
f |
|p Can circulate
|a CAVAL
|b CAVAL
|c CAVAL
|d CARM 1 Store
|e A05454
|f A3:AB18G0
|h Other scheme
|i book
|m 0470974
|